00365nam a2200157Ia 4500003000400000005001700004008004000021020001500061040000700076041000800083082001600091100001800107245002900125260004200154300001100196OSt20250923151317.0210210b2002 xxu||||| |||| 00| 0 eng d a0521527511 cAL aeng a320.51 IVIP aDuncan Ivison aPost colonial liberalism aUKbCambridge University Pressc2002 ax,214p